LEADER 01441nam--2200421---450- 001 990000665700203316 005 20090715132330.0 010 $a88-324-3926-3 035 $a0066570 035 $aUSA010066570 035 $a(ALEPH)000066570USA01 035 $a0066570 100 $a20011004d2000----km-y0itay0103----ba 101 $aita 102 $aIT 105 $a||||||||001yy 200 1 $aContabilitŕ e bilanci delle cooperative$easpetti civilistici, contabili e fiscali, le cooperative agricole, edilizie, sociali, di produzione e lavoro ...$fMaria Silvia Avi, Franco Colombo$gprefazione di Primo Ceppellini 205 $a3.ed. 210 $aMilano$cIl sole 24 ore$d2000 215 $aX, 461 p.$d24 cm 225 2 $aEconomia d'impresa 410 0$12001$aEconomia d'impresa 606 $aCooperative$xBilancio$xLegislazione 676 $a346.4506648 700 1$aAVI,$bMaria Silvia$0115950 701 1$aCOLOMBO,$bFranco$0279291 801 0$aIT$bsalbc$gISBD 912 $a990000665700203316 951 $aXXV.3.E 108 (IG I 1740)$b9469 E.C.$cXXV.3.E 108 (IG I)$d00074853 959 $aBK 969 $aUMA 979 $aANGELA$b90$c20011004$lUSA01$h1320 979 $aANGELA$b90$c20011004$lUSA01$h1328 979 $c20020403$lUSA01$h1716 979 $aPATRY$b90$c20040406$lUSA01$h1646 979 $aRSIAV2$b90$c20090715$lUSA01$h1323 996 $aContabilitŕ e bilanci delle cooperative$9752460 997 $aUNISA LEADER 04473nam 2200733 450 001 9910456552103321 005 20200520144314.0 010 $a1-281-99196-1 010 $a9786611991968 010 $a1-4426-7213-7 024 7 $a10.3138/9781442672130 035 $a(CKB)2430000000002012 035 $a(EBL)3257904 035 $a(SSID)ssj0000870175 035 $a(PQKBManifestationID)11461722 035 $a(PQKBTitleCode)TC0000870175 035 $a(PQKBWorkID)10818441 035 $a(PQKB)10206237 035 $a(SSID)ssj0000388294 035 $a(PQKBManifestationID)12120508 035 $a(PQKBTitleCode)TC0000388294 035 $a(PQKBWorkID)10423172 035 $a(PQKB)11217997 035 $a(CaBNvSL)thg00602301 035 $a(MiAaPQ)EBC3257904 035 $a(MiAaPQ)EBC4671305 035 $a(DE-B1597)464284 035 $a(OCoLC)944178391 035 $a(OCoLC)999367463 035 $a(DE-B1597)9781442672130 035 $a(Au-PeEL)EBL4671305 035 $a(CaPaEBR)ebr11257023 035 $a(OCoLC)647742606 035 $a(EXLCZ)992430000000002012 100 $a20160923h20062006 uy 0 101 0 $aeng 135 $aur|n|---||||| 181 $ctxt 182 $cc 183 $acr 200 00$aCanadian annual review of politics and public affairs$h2000 /$fedited by David Mutimer 210 1$aToronto, [Ontario] ;$aBuffalo, [New York] ;$aLondon, [England] :$cUniversity of Toronto Press,$d2006. 210 4$d©2006 215 $a1 online resource (328 p.) 225 0 $aCanadian Annual Review of Politics and Public Affairs 300 $aIncludes indexes. 311 $a0-8020-9089-3 327 $tFrontmatter -- $tContents -- $tContributors -- $tPreface -- $tCanadian calendar -- $tEditor's introduction - the year in review -- $tThe federal government, politics, and national institutions / $rEverett, Robert -- $tCanada in the world: foreign affairs and national defence / $rSpearin, Christopher -- $tMunicipal affairs / $rBrunet-Jailly, Emmanuel / Magnusson, Warren -- $tBritish Columbia / $rHill, Carey -- $tAlberta / $rJansen, Harold -- $tSaskatchewan / $rGarcea, Joseph -- $tManitoba / $rLambert, Geoffrey -- $tThe Territories / $rCoates, Ken / Poelzer, Greg -- $tOntario / $rDrummond, Robert -- $tQuebec / $rSalee, Daniel -- $tNew Brunswick / $rWilbur, Richard -- $tPrince Edward Island / $rBuker, Peter Edward -- $tNova Scotia / $rFinbow, Robert -- $tNewfoundland and Labrador / $rNeary, Peter / Baker, Melvin -- $tObituaries -- $tIndex of names -- $tIndex of subjects 330 $aLong praised for its accuracy, readability, and insight, the Canadian Annual Review of Politics and Public Affairs offers a synoptic appraisal of the year?s developments in Canadian politics.The first year of the new millennium saw a new conservative federal party born with the union of the Reform Party and disaffected federal Progressive Conservatives. Led by Stockwell Day, the Canadian Alliance was defeated by Jean Chrétien?s Liberals in the subsequent federal election. A second RCMP investigation into questionable job-creation grants in Chrétien?s home riding, however, hurt the Prime Minister?s reputation. The Liberals? new cigarette-packaging requirements, featuring gruesome tobacco-related images meant to discourage smoking, were challenged by tobacco companies. As well, the issue of police racism was brought to the fore when two Saskatoon police officers were suspended over allegations they abandoned a Native man on a cold winter night without a coat. Additionally, Ontario?s chief coroner announced an investigation into the deaths of nine people following an outbreak of E.Coli in Walkerton.The Canadian Annual Review is unique in its collection and presentation of the year in politics. The combination of the calendar and the text offers a superb, easy-access reference source for political events, both federal and provincial. 606 $aPublic administration$zCanada 606 $aPOLITICAL SCIENCE / Reference$2bisacsh 607 $aCanada$xPolitics and government$y20th century 608 $aElectronic books. 615 0$aPublic administration 615 7$aPOLITICAL SCIENCE / Reference. 676 $a320.97106 702 $aMutimer$b David 801 0$bMiAaPQ 801 1$bMiAaPQ 801 2$bMiAaPQ 906 $aBOOK 912 $a9910456552103321 996 $aCanadian annual review of politics and public affairs$92448846 997 $aUNINA LEADER 04095nam 2200697 450 001 9910460567403321 005 20210505213826.0 010 $a0-520-95929-9 024 7 $a10.1525/9780520959293 035 $a(CKB)3710000000494938 035 $a(EBL)4054163 035 $a(SSID)ssj0001645539 035 $a(PQKBManifestationID)16414254 035 $a(PQKBTitleCode)TC0001645539 035 $a(PQKBWorkID)14961975 035 $a(PQKB)10070406 035 $a(MiAaPQ)EBC4054163 035 $a(DE-B1597)519477 035 $a(OCoLC)928891054 035 $a(DE-B1597)9780520959293 035 $a(Au-PeEL)EBL4054163 035 $a(CaPaEBR)ebr11153290 035 $a(EXLCZ)993710000000494938 100 $a20160216h20162016 uy 0 101 0 $aeng 135 $aurnnu---|u||u 181 $ctxt 182 $cc 183 $acr 200 14$aThe self-help myth $ehow philanthropy fails to alleviate poverty /$fErica Kohl-Arenas 210 1$aOakland, California :$cUniversity of California Press,$d2016. 210 4$d©2016 215 $a1 online resource (273 p.) 225 1 $aPoverty, Interrupted ;$v1 300 $aDescription based upon print version of record. 311 $a0-520-28344-9 311 $a0-520-28343-0 320 $aIncludes bibliographical references and index. 327 $tFront matter --$tCONTENTS --$tPREFACE --$tACKNOWLEDGMENTS --$tCHAPTER ONE. Private Philanthropy and the Self-Help Myth --$tCHAPTER TWO. The Hustling Arm of the Union: Nonprofit Institutionalization and the Compromises of Cesar Chavez --$tCHAPTER THREE. Foundation-Driven Collaborative Initiatives: Civic Participation for What? --$tCHAPTER FOUR. Selling Mutual Prosperity: Worker-Grower Partnerships and the "Win-Win" Paradigm --$tCHAPTER FIVE. Conclusion --$tNOTES --$tBIBLIOGRAPHY --$tINDEX 330 $aCan philanthropy alleviate inequality? Do antipoverty programs work on the ground? In this eye-opening analysis, Erica Kohl-Arenas bores deeply into how these issues play out in California's Central Valley, which is one of the wealthiest agricultural production regions in the world and also home to the poorest people in the United States. Through the lens of a provocative set of case studies, The Self-Help Myth reveals how philanthropy maintains systems of inequality by attracting attention to the behavior of poor people while shifting the focus away from structural inequities and relationships of power that produce poverty. In Fresno County, for example, which has a$5.6 billion-plus agricultural industry, migrant farm workers depend heavily on food banks, religious organizations, and family networks to feed and clothe their families. Foundation professionals espouse well-intentioned, hopeful strategies to improve the lives of the poor. These strategies contain specific ideas-in philanthropy terminology, "theories of change"- that rely on traditional American ideals of individualism and hard work, such as self-help, civic participation, and mutual prosperity. But when used in partnership with well-defined limits around what foundations will and will not fund, these ideals become fuzzy concepts promoting professional and institutional behaviors that leave relationships of poverty and inequality untouched. 410 0$aPoverty, Interrupted ;$v1. 606 $aFarmers$zCalifornia$zCentral Valley (Valley) 606 $aCharities$zCalifornia$zCentral Valley (Valley)$vCase studies 606 $aPoverty$zCalifornia$zCentral Valley (Valley) 606 $aImmigrants$zCalifornia$zCentral Valley (Valley) 607 $aCalifornia$xEconomic conditions$y20th century 607 $aCalifornia$xEconomic conditions$y21st century 608 $aElectronic books. 615 0$aFarmers 615 0$aCharities 615 0$aPoverty 615 0$aImmigrants 676 $a362.5/57097945 700 $aKohl-Arenas$b Erica$f1968-$01044072 801 0$bMiAaPQ 801 1$bMiAaPQ 801 2$bMiAaPQ 906 $aBOOK 912 $a9910460567403321 996 $aThe self-help myth$92469475 997 $aUNINA